| 000 | 00586cam a22001815a 4500 | ||
|---|---|---|---|
| 001 | L156355 | ||
| 008 | 120515s1816 xxk f 000 0 eng d | ||
| 035 | _a(Sirsi) u156355 | ||
| 041 | 0 | _aeng | |
| 245 | 0 | 0 |
_aSkyring's correct list of builders' prices _bcalculated to do justice to the employer, master builder, and their workmen |
| 250 | _a6th ed. | ||
| 260 |
_aLondon _bSold by the author _c1816 |
||
| 300 |
_a70 p. _c21 cm. |
||
| 583 |
_aCondition reviewed _c20120620 _lcondition level 4 |
||
| 651 | 4 |
_aGreat Britain _y1707- |
|
| 690 |
_aConstruction management _96230 |
||
| 942 | _n0 | ||
| 999 |
_c114203 _d114203 |
||